000
00244 a2200097 4500
001
52184
100
_a
Gittus J
245
_a
cavities and Cracks in Creep and Fatigue
260
_a
London
_b
Applied Science Publishers
_c
090
_c
32847
_d
32847
942
_a
NUST-CAE
_c
M
_c
25388
999
_c
287257
_d
287257